| 000 | 00353nam a2200133Ia 4500 | ||
|---|---|---|---|
| 008 | 220214s9999 xx 000 0 und d | ||
| 100 | _aShlatz I | ||
| 245 | 0 | _aCalcium binding to the rat liver plasma membrane | |
| 260 |
_bBiochemica et Biophysica Acta _c1972 |
||
| 300 | _a70-93 | ||
| 650 | _aCalcium binding | ||
| 700 | _aMarinetti G V | ||
| 942 | _cRE | ||
| 999 |
_c45863 _d45863 |
||